000 01253namaa2200301 i 4500
003 EG-GICUC
005 20260224135217.0
008 260224s1995 mr |||jr|||| 000 0 ara d
017 _a1995 / 959
_bدار الكتب والوثائق القومية (مصر)
020 _a9981978531
040 _aEG-GiCUC
_bara
_cEG-GiCUC
_dEG-GiCUC
_erda
082 0 4 _221
_a415.1
_bM934q
092 0 4 _221
_a415.1
_bM934q
099 _a415.1 M934q
100 1 _aالمتوكل، احمد
_eمؤلف.
245 _aقضايا اللغة العربية فى اللسانيات الوظيفية :
_bالبنية التحتية أو التمثيل الدلالى التداولى /
_cأحمد المتوكل.
264 _aالرباط (المغرب) :
_bدار الأمان،
_c1996.
300 _a235 صفحة ؛
_c24 سم
_bإيضاحيات، صور، مثيليات ؛ Illustrations
336 _2rdacontent
_atext
337 _2rdamedia
_aUnmediated
338 _2rdacarrier
_avolume
504 _aيشتمل على ارجاعات ببليوجرافية.
541 _aد. جابر عصفور ؛
_bالقاهرة ؛
_cإهداء ؛
_d2024.
650 1 7 _aاللغة العربية
_xنحو
_2qrmak
651 1 _2qrmak
905 _aAya
942 _2ddc
_cBK
_e21
_n0
999 _c178708
_d178708